000 00205nam a2200121Ia 4500
100 _a#N/A
942 _cBK
654 _ac#
245 _aC# Projects
260 _b#N/A
546 _aENGLISH
999 _c34604
_d34604